Sly Characters Trivia - Statistics

General Stats
  • This quiz has been taken 14 times
  • The average score is 7 of 15
Answer Stats
Hint Answer % Correct
Who was an orphan because parents were murdered? Sly
100%
Who is the Brain of the Cooper Gang? Bentley
93%
Who was the driver in the Cooper Gang Murrey
86%
Who went inside Clockwerk's body? Neyla
79%
What Cooper has the same name as a state? Tennessee Kid
57%
Who took back the Clockwerk parts from Sly? Jean Bison
50%
Who was the ninja in sly? Rioichi
50%
Who was the First Cooper and invented the cooper cane? Bob
36%
Who was Sly's father? Conner
36%
What was attached to Kid Coopers cane? Revolver/Rifle
29%
Who had had the ability to turn invisible to help steal? Slytunkhamen
21%
Who is the person that likes a thief but is a cop? Carmilita
7%
Who was the two people who double crossed the cooper gang? Neyla and Penelope
7%
What was Murrey's belly flop called Thunder Flop
7%
What time was Sir Galleth in? Medieval Europe
0%
No matching quizzes found
Score Distribution
Percent of People with Each Score
Percentile by Number Answered
Your Score History
You have not taken this quiz